BASIC for technicians (Record no. 81007)

MARC details
000 -LEADER
fixed length control field 00638nam a2200145 a 4500
008 - FIXED-LENGTH DATA ELEMENTS--GENERAL INFORMATION
fixed length control field 120416s1985 ||||||||||||||||| || u
050 ## - LIBRARY OF CONGRESS CALL NUMBER
Classification number QA 76.73.B3 Gul
100 ## - MAIN ENTRY--PERSONAL NAME
Personal name Gulledge, Earl N
245 10 - TITLE STATEMENT
Title BASIC for technicians
260 ## - PUBLICATION, DISTRIBUTION, ETC. (IMPRINT)
Place of publication, distribution, etc New York
Name of publisher, distributor, etc Delmar
Date of publication, distribution, etc 1985
300 ## - PHYSICAL DESCRIPTION
Extent xiii, 242p. : ill.
350 ## -
-- 0.00
995 ## - RECOMMENDATION 995 [LOCAL, UNIMARC FRANCE]
-- 0.00
-- CBU-MAIN LIBRARY (Kitwe)
-- 1
-- 21.00
-- 1
-- AVAILABLE
-- Annex Low-Usage Collection
995 ## - RECOMMENDATION 995 [LOCAL, UNIMARC FRANCE]
-- 0.00
-- CBU-MAIN LIBRARY (Kitwe)
-- 2
-- 21.00
-- 2
-- AVAILABLE
-- Annex Low-Usage Collection
Holdings
Withdrawn status Lost status Source of classification or shelving scheme Damaged status Not for loan Permanent Location Current Location Shelving location Date acquired Total Checkouts Full call number Barcode Date last seen Copy number Price effective from Koha item type
          CBU-MAIN LIBRARY, KITWE. CBU-MAIN LIBRARY, KITWE.   07/14/2023   QA 76.73.B3 Gul 025001 07/14/2023 1 07/14/2023 MONOGRAPH
          CBU-MAIN LIBRARY, KITWE. CBU-MAIN LIBRARY, KITWE.   07/14/2023   QA 76.73.B3 Gul 026042 07/14/2023 2 07/14/2023 MONOGRAPH